| 000 | 00955nam a22002531a 4500 | ||
|---|---|---|---|
| 001 | 1360441 | ||
| 005 | 20110718132420.0 | ||
| 008 | 810323s1972 fr c b 001 0 fre | ||
| 010 | _a80143564 | ||
| 035 | _9(DLC) 80143564 | ||
| 040 |
_aDLC _cDLC _dDLC |
||
| 043 | _af-sg--- | ||
| 050 | 0 | 0 |
_aPJ 8390.S4S36 1972 _bPJ 8390.S4S36 1972 |
| 082 | 0 | 0 |
_a892/.7/099663 _219 |
| 100 | 1 | _aSamb, Amar. | |
| 245 | 1 | 0 |
_aEssai sur la contribution du Sénégal à la littérature d'expression arabe / _cAmar Samb. _h[Text] |
| 260 |
_a[Lille, France] _bService de reproduction des thèses, Université de Lille III _c1972 |
||
| 300 |
_a2 v. (1073 p.) : _bports ; _c24 cm. |
||
| 502 | _aThesis--Université de Paris IV, 1971. | ||
| 504 | _aIncludes bibliographical references and index. | ||
| 650 | 0 |
_aArabic literature _zSenegal _xHistory and criticism. |
|
| 906 |
_a7 _bcbc _corignew _d3 _encip _f19 _gy-gencatlg |
||
| 991 |
_bc-GenColl _hPJ8390.S4 _iS2 1972 _tCopy 1 _wBOOKS |
||
| 999 |
_c37171 _d37171 |
||